| 000 | 00727nam a2200217Ia 4500 | ||
|---|---|---|---|
| 008 | 101110s9999 xx 000 0 und d | ||
| 041 | _aMARATHI | ||
| 082 | _bSR28429 | ||
| 100 | _aJha. D.N., Deglurkar, G. B.,(Tr.) | ||
| 245 | _aMauryattar va Guptkalin rajswapadhati. (revenue system in post Maurya and Gupta times.) | ||
| 260 |
_c2006 _bDayamand pablikeshans Pune. |
||
| 300 | _a240 | ||
| 365 | _b200 | ||
| 520 | _aMarathi | ||
| 546 | _aMARATHI | ||
| 630 | _aMauryattar va Guptkalin rajswapadhati. (revenue system in post Maurya and Gupta times.) | ||
| 650 | _aMarathi | ||
| 655 | _aMarathi | ||
| 730 | _aMauryattar va Guptkalin rajswapadhati. (revenue system in post Maurya and Gupta times.) | ||
| 942 | _cBOOK | ||
| 999 |
_c820964 _d820961 |
||